000 00440nam a22001457a 4500
999 _c60568
_d60568
005 20230906164911.0
008 230906s1986 gw ||||| |||| 00| 0 ger d
020 _a3900464453
041 _ager
080 _a738.8(495.02) B-99
245 _aByzantinische Mosaiken aus Jordanien.
300 _a251 p. :
_bill.;
_c22 cm.
653 _aბიზანტიური მოზაიკა იორდანიიდან
942 _2udc
_cBK